书目信息 |
| 题名: |
哈利·波特与魔法石
|
|
| 作者: | 罗琳 著 ;苏农 译 | |
| 分册: | ||
| 出版信息: | 北京 人民文学出版社 2000.09 |
|
| 页数: | 191页 | |
| 开本: | 24cm | |
| 丛书名: | ||
| 单 册: | ||
| 中图分类: | I561.84 | |
| 科图分类: | ||
| 主题词: | 儿童文学--er tong wen xue--长篇小说--英国--现代 | |
| 电子资源: | ||
| ISBN: | 7-02-003343-1 | |
| 000 | 01175nam0 2200241 450 | |
| 001 | 012007247112 | |
| 005 | 20070622170447.56 | |
| 010 | @a7-02-003343-1@dCNY19.50 | |
| 100 | @a20070416d2000 km y0chiy0120 ea | |
| 101 | 1 | @achi@ceng |
| 102 | @aCN@b110000 | |
| 105 | @aa z 000ay | |
| 200 | 1 | @a哈利·波特与魔法石@Aha li·bo te yu mo fa shi@d= Harry Potter and the philosopher's stone@f(英) J.K.罗琳著@F(ying)J.K.luo lin zhu@g苏农译@Gsu nong yi@zeng |
| 210 | @a北京@c人民文学出版社@d2000.09 | |
| 215 | @a191页@c图@d24cm | |
| 330 | @a一岁的哈利·波特失去父母后,在姨父家饱受欺凌,度过十年极其痛苦的日子。但是在他十一岁生日那天,一切都发生了变化,信使猫头鹰带来了一封神秘的信:邀请哈利去一个他永远难忘的、不可思议的地方??霍格沃茨魔法学校。在魔法学校,哈利不仅学会了空中飞行,还得到了一件隐形衣。他发现那里的一切??从上课到吃饭到睡觉都充满了魔力,但是一块魔石出现了,它与哈利的命运息息相关…… | |
| 510 | 1 | @aHarry Potter and the philosopher's stone@zeng |
| 606 | 0 | @a儿童文学@Aer tong wen xue@x长篇小说@y英国@z现代 |
| 690 | @aI561.84@v4 | |
| 701 | 1 | @a罗琳@Aluo lin@g(Rowling, J.K.)@4著 |
| 702 | 0 | @a苏农@Asu nong@4译 |
| 801 | 0 | @aCN@c20070622 |
| 905 | @dI561.84@eL945 | |
| 哈利·波特与魔法石= Harry Potter and the philosopher's stone/(英) J.K.罗琳著/苏农译.-北京:人民文学出版社,2000.09 |
| 191页:图;24cm |
| ISBN 7-02-003343-1:CNY19.50 |
| 一岁的哈利·波特失去父母后,在姨父家饱受欺凌,度过十年极其痛苦的日子。但是在他十一岁生日那天,一切都发生了变化,信使猫头鹰带来了一封神秘的信:邀请哈利去一个他永远难忘的、不可思议的地方??霍格沃茨魔法学校。在魔法学校,哈利不仅学会了空中飞行,还得到了一件隐形衣。他发现那里的一切??从上课到吃饭到睡觉都充满了魔力,但是一块魔石出现了,它与哈利的命运息息相关…… |
| ● |
| 相关链接 |
|
|
|
正题名:哈利·波特与魔法石
索取号:I561.84/L945
 
预约/预借
| 序号 | 登录号 | 条形码 | 馆藏地/架位号 | 状态 | 备注 |
| 1 | 241084 | 202410845 | 文学库116/ [索取号:I561.84/L945] | 在馆 | |
| 2 | 241085 | 202410854 | 文学库116/ [索取号:I561.84/L945] | 在馆 | |
| 3 | 241086 | 202410863 | 社科二线400B/400B社科库 6排2列5层/ [索取号:I561.84/L945] | 在馆 | |
| 4 | 241087 | 202410872 | 文学库116/ [索取号:I561.84/L945] | 在馆 | |
| 5 | 241088 | 202410881 | 文学库116/ [索取号:I561.84/L945] | 在馆 |